000 01131cam a22003011 4500
001 gs 54000151
003 DLC
005 20260227111401.0
008 900222s1953 sw af b 000 0 ger c
010 _ags 54000151
035 _a(OCoLC)21110135
040 _aU.S. Geol. Survey Libr.
_cCU
_dCU
_dDLC
041 0 _ager
_beng
042 _apremarc
050 0 0 _aQE282
_b.A3 ser. C, no. 328
100 1 _aKautsky, G.
_q(Gunnar)
245 0 4 _aDer geologische Bau des Sulitelma-Salojauregebietes in den nordskandinavischen Kaledoniden.
_bWith English summary.
260 _aStockholm,
_bNorstedt,
_c1953.
300 _a232 p.
_billus., plates, tables.
_c24 cm.
490 1 _aSveriges geologiska undersökning. Ser. C. Avhandlingar och uppsatser,
_vn:o 528
440 0 _aÅrsbok 46 (1952)
_vn:o 4
500 _aPart of the illustrative matter is folded, part col., part in pocket.
504 _a"Angeführte Literatur": p. [229]-232.
650 0 _aGeology
_zSweden
_zNorrbotten.
650 0 _aPetrology
_zSweden
_zNorrbotten.
830 0 _aSer. C--Avhandlingar och uppsatser ;
_vn:o 528.
830 0 _aÅrsbok 46 (1952) ;
_vn:o 4.
999 _c28848
_d28848